Majetkové poistenie v Dopravnej poisťovni, a.s.

Dopravná poisťovňa, a.s. ponúka celú škálu majetkových poistení v oblasti poisťovania dopravných rizík. Nový poistný produkt - Poistenie majetku malých a stredných podnikateľov. Jednou poistnou zmluvou sa podnikateľ môže poistiť na všetky riziká.

Salvato in:
Dettagli Bibliografici
Autore principale: Antalík, Karol
Natura: Capitolo di libro
Lingua:slovacco
Soggetti:
Tags: Aggiungi Tag
Nessun Tag, puoi essere il primo ad aggiungerne!!

MARC

LEADER 00000naa a2200000 4500
001 r036310
005 20231002072030.8
041 0 |a slo 
044 |a SK 
245 1 0 |a Majetkové poistenie v Dopravnej poisťovni, a.s.  |c Karol Antalík 
520 |a Dopravná poisťovňa, a.s. ponúka celú škálu majetkových poistení v oblasti poisťovania dopravných rizík. Nový poistný produkt - Poistenie majetku malých a stredných podnikateľov. Jednou poistnou zmluvou sa podnikateľ môže poistiť na všetky riziká. 
610 2 0 |a poistenie majetku 
610 2 0 |a poistenie 
610 2 0 |a riziko poistné 
610 2 0 |a poistenie zodpovednosti za škody 
610 2 0 |a Slovensko 
610 2 0 |a podnikatelia 
610 2 0 |a podnikanie malé 
610 2 0 |a podnikanie stredné 
610 2 0 |a poistenie združené 
610 2 0 |a zmluvy poistné 
610 2 0 |a Dopravná poisťovňa, a.s. Bratislava 
100 1 |a Antalík, Karol